Nghiên cứu thực trạng và hiệu qảu sử dụng nội dung và phương pháp tổ chức giảng dạy môn bóng chuyền cho nam sinh viên chuyên ngành khoa GDTC trường Đại học Vinh /

Saved in:
Bibliographic Details
Main Author: Trần Đức Thành, ThS.
Other Authors: Lê Mạnh Hồng, ThS.
Format: Article
Language:Vietnamese
Subjects:
Tags: Add Tag
No Tags, Be the first to tag this record!
Institutions: Thư viện Trường Đại học Đà Lạt
LEADER 01090nam a2200289 4500
001 DLU180186723
005 ##20180905
040 # # |a DLU  |b vie 
041 # # |a vie 
044 # # |a vn 
100 # # |a Trần Đức Thành,   |c ThS. 
245 # # |a Nghiên cứu thực trạng và hiệu qảu sử dụng nội dung và phương pháp tổ chức giảng dạy môn bóng chuyền cho nam sinh viên chuyên ngành khoa GDTC trường Đại học Vinh /  |c Trần Đức Thành, Lê Mạnh Hồng. 
653 # # |a Khoa Giáo dục thể chất 
653 # # |a Môn bóng chuyền 
653 # # |a Phương pháp giảng dạy 
700 # # |a Lê Mạnh Hồng,   |c ThS. 
773 # # |t Tạp chí dạy và học ngày nay  |g Số 4, 2015, tr. 
773 # # |t Tạp chí dạy và học ngày nay  |g Số 4, 2015, tr. 53-54 
920 # # |a Phòng Tạp chí -- Trung tâm Thông tin - Thư viện Trường Đại học Đà Lạt 
994 # # |a DLU 
900 # # |a True 
911 # # |a Trần Thị Minh Hương 
925 # # |a G 
926 # # |a A 
927 # # |a BB 
980 # # |a Thư viện Trường Đại học Đà Lạt